ბათუმის შოთა რუსთაველის სახელმწიფო უნივერსიტეტის ბიბლიოთეკა

Микроэкономика: (ბიბ.ჩანაწერი № 37060)

000 -LEADER
fixed length control field 00683nam a2200241Ia 4500
001 - CONTROL NUMBER
control field 3014
003 - CONTROL NUMBER IDENTIFIER
control field GE_BSU
008 - FIXED-LENGTH DATA ELEMENTS--GENERAL INFORMATION
fixed length control field 181216s||||||||xx |||||||||||||| ||und||
020 ## - INTERNATIONAL STANDARD BOOK NUMBER
International Standard Book Number 59000428176
040 ## - CATALOGING SOURCE
Transcribing agency GE_BSU
080 ## - UNIVERSAL DECIMAL CLASSIFICATION NUMBER
Universal Decimal Classification number 330.101(075.8)
100 ## - MAIN ENTRY--PERSONAL NAME
Personal name В.М. Гальперин. С.М. Игнатьев, В.И. Моргунов
245 ## - TITLE STATEMENT
Title Микроэкономика:
245 ## - TITLE STATEMENT
Statement of responsibility, etc. общая редакция В. М. Гальперина.
250 ## - EDITION STATEMENT
Edition statement В 2-хт том II
260 ## - PUBLICATION, DISTRIBUTION, ETC.
Place of publication, distribution, etc. СПб
260 ## - PUBLICATION, DISTRIBUTION, ETC.
Name of publisher, distributor, etc. Экономическая школа
260 ## - PUBLICATION, DISTRIBUTION, ETC.
Date of publication, distribution, etc. 1997
300 ## - PHYSICAL DESCRIPTION
Extent 503 с.
653 ## - INDEX TERM--UNCONTROLLED
Uncontrolled term Микроэкономика
942 ## - ADDED ENTRY ELEMENTS (KOHA)
Koha item type წიგნი
ეგზემპლარები
Withdrawn status Lost status Damaged status Not for loan Date acquired Barcode Date last seen Price effective from Koha item type Public note
        2018-12-17 7946 2018-12-17 2018-12-17 წიგნი დარბაზი
        2018-12-17 7947 2018-12-17 2018-12-17 წიგნი დარბაზი
        2018-12-17 8100 2018-12-17 2018-12-17 წიგნი დარბაზი